Statistics for Hrvatski gradovi na slovo D

Click here to take the quiz!

General Stats

  • This quiz has been taken 82 times
  • The average score is 5 of 8

Answer Stats

Answer% Correct
Dubrovnik
96%
Daruvar
93%
Delnice
64%
Drniš
63%
Dugo Selo
46%
Donji Miholjac
40%
Duga Resa
36%
Donja Stubica
22%

Score Distribution

Percentile by Number Answered

Percent of People with Each Score

Your Score History

You have not taken this quiz